书目信息 |
| 题名: |
大学体育健康教育
|
|
| 作者: | 李平 , 刘宇星 , 黄佑琴 主编 | |
| 分册: | ||
| 出版信息: | 北京 中国经济出版社 2007.09 |
|
| 页数: | 406页 | |
| 开本: | 26cm | |
| 丛书名: | 现代体育科学研究与教学系列丛书 | |
| 单 册: | ||
| 中图分类: | G807.4 | |
| 科图分类: | ||
| 主题词: | 体育--ti yu--教学研究--高等学校 , 健康教育--jian kang jiao yu--教学研究--高等学校 | |
| 电子资源: | ||
| ISBN: | 978-7-5017-8127-0 | |
| 000 | 01228nam 2200301 450 | |
| 001 | 012008510562 | |
| 005 | 20080114161639.09 | |
| 010 | @a978-7-5017-8127-0@dCNY28.00 | |
| 100 | @a20080114d2007 em y0chiy0120 ea | |
| 101 | 0 | @achi |
| 102 | @aCN@b110000 | |
| 105 | @aa a 000yy | |
| 106 | @ar | |
| 200 | 1 | @a大学体育健康教育@Ada xue ti yu jian kang jiao yu@f《大学体育健康教育》编委会编著@F《da xue ti yu jian kang jiao yu》bian wei hui bian zhu@g李平, 刘宇星, 黄佑琴主编@Gli ping,liu yu xing,huang you qin zhu bian |
| 210 | @a北京@c中国经济出版社@d2007.09 | |
| 215 | @a406页@c图@d26cm | |
| 225 | 2 | @a现代体育科学研究与教学系列丛书@Axian dai ti yu ke xue yan jiu yu jiao xue xi lie cong shu |
| 320 | @a有书目 (第403-404页) | |
| 330 | @a本书共分为三个部分,分别是:第一部分 基础理论篇;第二部分 运动实践篇;第三部分 传统体育与休闲体育篇。 | |
| 410 | 0 | @12001 @a现代体育科学研究与教学系列丛书 |
| 606 | 0 | @a体育@Ati yu@x教学研究@x高等学校 |
| 606 | 0 | @a健康教育@Ajian kang jiao yu@x教学研究@x高等学校 |
| 690 | @aG807.4@v4 | |
| 701 | 0 | @a李平@Ali ping@4主编 |
| 701 | 0 | @a刘宇星@Aliu yu xing@4主编 |
| 701 | 0 | @a黄佑琴@Ahuang you qin@4主编 |
| 801 | 0 | @aCN@bQSSK@c20080114 |
| 905 | @b278731-33@dG807.4@eL222@f3 | |
| 大学体育健康教育/《大学体育健康教育》编委会编著/李平, 刘宇星, 黄佑琴主编.-北京:中国经济出版社,2007.09 |
| 406页:图;26cm.-(现代体育科学研究与教学系列丛书) |
| ISBN 978-7-5017-8127-0:CNY28.00 |
| 本书共分为三个部分,分别是:第一部分 基础理论篇;第二部分 运动实践篇;第三部分 传统体育与休闲体育篇。 |
| ● |
| 相关链接 |
|
|
|
正题名:大学体育健康教育
索取号:G807.4/L222
 
预约/预借
| 序号 | 登录号 | 条形码 | 馆藏地/架位号 | 状态 | 备注 |
| 1 | 278731 | 202787314 | 社科库409/409社科库 20排2列2层/ [索取号:G807.4/L222] | 在馆 | |
| 2 | 278732 | 202787323 | 社科库409/409社科库 20排2列2层/ [索取号:G807.4/L222] | 在馆 | |
| 3 | 278733 | 202787332 | 社科库409/409社科库 20排2列2层/ [索取号:G807.4/L222] | 在馆 |